00653 2200241 4500001002100000005001500021035002000036007000300056008004100059020001800100082000800118084001400126100002500140245003400165250000900199260004400208300001200252500009800264650001800362856001700380990000700397990000700404INLIS00000000000007220220126085613 a0010-0122000072ta220126 g 0 ind  a9789790502574 a004 a004 SUH b0 aSuharno Widi Nugroho1 aBermain Sains dengan Komputer aEd.1 aJakarta :bBina Sumber Daya Mipa,c2009 a106 hlm aBuku ini disusun secara sederhana yang disesuaikan dengan kurikulum dan pelajaran di sekolah. 4aIlmu Komputer aKoleksi Umum a74 a75